| 000 | 00785nam a2200301Ia 4500 | ||
|---|---|---|---|
| 003 | OSt | ||
| 005 | 20220912151502.0 | ||
| 006 | a|||||r|||| 00| 0 | ||
| 007 | ta | ||
| 008 | 220909b |||||||| |||| 00| 0 eng d | ||
| 020 | _a0387942858 (hbd) | ||
| 024 | _a3497 | ||
| 037 | _bNarosa, | ||
| 037 | _cTextbook | ||
| 040 |
_aCSL _beng _cCSL |
||
| 041 | _aeng | ||
| 082 | _aB27, M4;N5 | ||
| 100 | _aRotman Joseph J | ||
| 245 | 0 | _aIntroduction to the theory of groups | |
| 250 | _a4 | ||
| 260 |
_aNew York _b Springer Verlag _c1995 |
||
| 300 |
_a513p. _ccm. |
||
| 490 | _aGraduate texts in mathematics; 148 | ||
| 650 | _a Group Theory | ||
| 650 | _aMathematics | ||
| 942 |
_hB27, M4;N5 _cTB _2CC |
||
| 999 |
_c69666 _d69666 |
||